| 000 | 01508nam0a22003491 4500 | ||
|---|---|---|---|
| 001 | v19\rc\1746821 | ||
| 005 | 20250619115436.0 | ||
| 035 | _a(NLR Aleph) 004894516 | ||
| 090 |
_a5307071 _c5307071 |
||
| 100 | _a20061204e19021902|||y0rusy50 ca | ||
| 101 | 0 | _arus | |
| 102 | _aRU | ||
| 105 | _aa z ||||| | ||
| 200 | 1 |
_aОб отношениях пластов с Cardium pseudoedule Andrus к аралокаспийским отложениям в Самарской губ. _fС. Неуструев |
|
| 210 |
_aСанкт-Петербург _cтипо-лит. К. Биркенфельда _d1902 |
||
| 215 |
_a781-834 с. _cил. _d24 |
||
| 300 | _aОбл. на рус. и фр. яз.; резюме на фр. яз. | ||
| 309 | _aБез тит. л. | ||
| 311 | _aОтт. из т. 21 "Изв. Геол. ком." № 70 | ||
| 488 | 0 |
_12001#$aИзвестия Геологического комитета$v№ 70, т. 21 _tИзвестия Геологического комитета |
|
| 532 | 1 | 3 | _aОб отношениях пластов с Cardium pseudoedule Andrus к аралокаспийским отложениям в Самарской губ. |
| 700 | 1 |
_aНеуструев _bС.С. _f1874-1928 _gСергей Семенович |
|
| 801 | 0 |
_aRU _bNLR _gpsbo |
|
| 801 | 0 |
_aRU _bRuMoRGB _2psbo |
|
| 801 | 1 |
_aRU _bProSoft-M _2rusmarc |
|
| 852 |
_aNLR _j34.83.7.43 |
||
| 899 |
_aRuMoRGB _jJ 56/59 |
||
| 899 | _aБАН | ||
| 899 | _aНБ МГУ | ||
| 942 | _cBOOK | ||
| 980 | _aNB | ||